书目信息 |
| 题名: |
品牌规划
|
|
| 作者: | 陈云岗 著 | |
| 分册: | ||
| 出版信息: | 北京 中国人民大学出版社 2004 |
|
| 页数: | 17,241页 | |
| 开本: | 23cm | |
| 丛书名: | 品牌经营工具箱丛书 | |
| 单 册: | ||
| 中图分类: | F273.2 , F270 | |
| 科图分类: | ||
| 主题词: | 企业管理 , 企业管理--质量管理 | |
| 电子资源: | ||
| ISBN: | 7-300-06085-4 | |
| 000 | 00962nam0 2200313 450 | |
| 000 | 00960nam0 2200301 450 | |
| 000 | 00891nam0 2200277 450 | |
| 000 | 00855oam2 2200265 45 | |
| 005 | 20070725105722.53 | |
| 010 | @a7-300-06085-4@dCNY42.00 | |
| 100 | @a20070719d2004 em y0chiy0120 ea | |
| 101 | 0 | @achi |
| 102 | @aCN@b110000 | |
| 105 | @ay z 000yy | |
| 200 | 1 | @a品牌规划@APin Pai Gui Hua@dBrand blueprint@f陈云岗著@FChen Yun Gang Zhu@zeng |
| 210 | @a北京@c中国人民大学出版社@d2004 | |
| 215 | @a17,241页@d23cm | |
| 225 | 2 | @a品牌经营工具箱丛书 |
| 300 | @a博闻一方 | |
| 330 | @a本书共分4章,包括品牌规划的价值、品牌总体规划、品牌控制规划和品牌详细规划。 | |
| 410 | 0 | @12001 @a品牌经营工具箱丛书 |
| 510 | 1 | @aBrand blueprint@zeng |
| 606 | 0 | @a企业管理 |
| 606 | 0 | @a企业管理@x质量管理 |
| 690 | @aF273.2@v4 | |
| 690 | @aF270@v3 | |
| 701 | 0 | @a陈云岗@AChen Yun Gang@4著 |
| 801 | 0 | @aCN@bTAOJIN@c20070725 |
| 905 | @a10447@dF270@e597:5 | |
| 品牌规划=Brand blueprint/陈云岗著.-北京:中国人民大学出版社,2004 |
| 17,241页;23cm.-(品牌经营工具箱丛书 ) |
| 博闻一方 |
| ISBN 7-300-06085-4:CNY42.00 |
| 本书共分4章,包括品牌规划的价值、品牌总体规划、品牌控制规划和品牌详细规划。 |
| ● |
| 相关链接 |
|
|
|
|
正题名:品牌规划
索取号:F270/597:5
 
预约/预借
| 序号 | 登录号 | 条形码 | 馆藏地/架位号 | 状态 | 备注 |
| 1 | 0824892 | 208248920 | 第一样本阅览室/ [索取号:F270/597:5] | 在馆 | |
| 2 | 0824893 | 208248939 | 第一借阅区/ [索取号:F270/597:5] | 在馆 | |
| 3 | 0824894 | 208248948 | 第一借阅区/ [索取号:F270/597:5] | 在馆 | |
| 4 | 0824895 | 208248957 | 第一借阅区/ [索取号:F270/597:5] | 在馆 | |
| 5 | 0824896 | 208248966 | 密集书库/ [索取号:F270/597:5] | 在馆 | |
| 6 | 0824897 | 208248975 | 密集书库/ [索取号:F270/597:5] | 在馆 | |
| 7 | 0824898 | 208248984 | 密集书库/ [索取号:F270/597:5] | 在馆 | |
| 8 | 0824899 | 208248993 | 第一借阅区/ [索取号:F270/597:5] | 在馆 |